[Event "SUI-chT"]
[Site "Switzerland"]
[Date "2000.??.??"]
[Round "?"]
[White "Raeber, Markus"]
[Black "Partos, Charles"]
[Result "0-1"]
[WhiteElo "2245"]
[BlackElo "2386"]
[PlyCount "62"]
[EventDate "2000.02.??"]
[EventType "team-tourn"]
[EventRounds "9"]
[EventCountry "SUI"]
[SourceTitle "EXT 2001"]
[Source "ChessBase"]
[SourceDate "2000.11.22"]
[SourceVersion "1"]
[SourceVersionDate "2000.11.22"]
[SourceQuality "1"]

1. e4 c6 2. d4 d5 3. Nc3 dxe4 4. Nxe4 Bf5 5. Ng3 Bg6 6. Nf3 Nd7 7. h4 h6 8. h5 Bh7 9. Bd3 Bxd3 10. Qxd3 Ngf6 11. 0-0 Qc7 12. Re1 0-0-0 13. Qb3 e6 14. Ne5 Nxe5 15. dxe5 Nd7 16. Be3 Qa5 17. Rad1 Bb4 18. c3 Be7 19. Qc2 Nxe5 20. b4 Rxd1 21. bxa5 Rxe1+ 22. Nf1 Rd8 23. Bd4 c5 24. Bxe5 Rxe5 25. g3 c4 26. a6 Bc5 27. Qa4 b5 28. Qc2 Rf5 29. Ne3 Bxe3 30. fxe3 Rd3 31. a4 Rfd5 0-1

[Event "SUI-chT"]
[Site "Switzerland"]
[Date "1998.10.25"]
[Round "7.3"]
[White "Partos, Charles"]
[Black "Ekstroem, Roland"]
[Result "1/2-1/2"]
[WhiteElo "2375"]
[BlackElo "2490"]
[PlyCount "32"]
[EventDate "1998.03.29"]
[EventType "team-tourn"]
[EventRounds "9"]
[EventCountry "SUI"]
[SourceTitle "EXT 2006"]
[Source "ChessBase"]
[SourceDate "2005.11.24"]
[SourceVersion "1"]
[SourceVersionDate "2005.11.24"]
[SourceQuality "1"]

1. d4 Nf6 2. c4 c5 3. d5 b5 4. cxb5 a6 5. b6 e6 6. Nc3 Nxd5 7. Nxd5 exd5 8. Qxd5 Nc6 9. Nf3 Rb8 10. Ne5 Qf6 11. Nxc6 dxc6 12. Qf3 Be7 13. Bd2 Qxb2 14. Bc3 Qa3 15. Bxg7 Qxf3 16. exf3 Rg8 1/2-1/2